| 000 | 00493pab a2200169 454500 | ||
|---|---|---|---|
| 008 | 180718b2006 xxu||||| |||| 00| 0 eng d | ||
| 100 | _aRoy, Dayabati | ||
| 245 | _aLeft front's electoral victory in West Bengal: an ethnographer's account | ||
| 260 | _c2006 | ||
| 300 | _ap.4251-256. | ||
| 362 | _a7 Oct | ||
| 650 | _aWest Bengal. Legislative Assembly - Elections | ||
| 650 | _aElections | ||
| 700 | _aBanerjee, Parthasarathi | ||
| 773 | _aEconomic and Political Weekly | ||
| 909 | _a71960 | ||
| 999 |
_c71960 _d71960 |
||